000 00218 a2200097 4500
001 48018
100 _aNoor Ahmad
245 _aMusalmano key tahzibi karnamay
260 _aLahore
_bFerozsons
_c
090 _c31007
_d31007
942 _aNUST-CAE
_cM
_c23345
999 _c283091
_d283091